Human resource management in public sector /

محفوظ في:
التفاصيل البيبلوغرافية
المؤلف الرئيسي: Rao, M. Gangadhara
مؤلفون آخرون: Rao, V. Surya Prakasa, Rao, P. Subba
التنسيق: كتاب
منشور في: New Delhi: Himalaya Publishing House, 1991.
الموضوعات:
الوسوم: إضافة وسم
لا توجد وسوم, كن أول من يضع وسما على هذه التسجيلة!

MARC

LEADER 00000nam a2200000 4500
020 |a NA  |c TZS 150/= 
040 |a MUL  |b eng  |e AACR 
082 |a 658.3 RAO 
100 |a Rao, M. Gangadhara 
245 |a Human resource management in public sector /  |c M. Gangadhara Rao, V. Surya Prakasa Rao, [and] P. Subba Rao 
260 |a New Delhi:  |b Himalaya Publishing House,  |c 1991. 
300 |a 156p. ;  |c 22 cm 
504 |a Includes bibliography and index  
650 |a Industrial relations  
700 |a Rao, V. Surya Prakasa 
700 |a Rao, P. Subba 
942 |c BK 
999 |c 4859  |d 4859